书目信息 |
| 题名: |
语音编码
|
|
| 作者: | 王炳锡 编著 | |
| 分册: | ||
| 出版信息: | 西安 西安电子科技大学出版社 2002 |
|
| 页数: | 306页 | |
| 开本: | 26cm | |
| 丛书名: | ||
| 单 册: | ||
| 中图分类: | TN912.3 | |
| 科图分类: | ||
| 主题词: | 语音数据处理--编码 | |
| 电子资源: | ||
| ISBN: | 7-5606-1121-4 | |
| 000 | 00779nam0 2200241 45 | |
| 001 | 050000088451 | |
| 005 | 20050913164632.76 | |
| 010 | @a7-5606-1121-4@dCNY24.00 | |
| 100 | @a20041201d2002 ekmy0chiy0120 ea | |
| 101 | 0 | @achi |
| 102 | @aCN@b610000 | |
| 105 | @aak az 000yy | |
| 200 | 1 | @a语音编码@Ayu yin bian ma@f王炳锡编著@Fwang bing xi bian zhu |
| 210 | @a西安@c西安电子科技大学出版社@d2002 | |
| 215 | @a306页@c图@d26cm | |
| 320 | @a有书目 | |
| 330 | @a本书在介绍现代信号分析和压缩编码的基本理论之后,沿着激励和声道两条线逐步深入研究,以标准算法为范例,阐述了语音信号压缩编码的基本原理。 | |
| 606 | 0 | @a语音数据处理@x编码 |
| 690 | @aTN912.3@v4 | |
| 701 | 0 | @a王炳锡@Awang bing xi@4编著 |
| 801 | 0 | @aCN@bTSSF@c20050913 |
| 905 | @a10447@dTN912.3@e42 | |
| 999 | @aHSJ | |
| 语音编码/王炳锡编著.-西安:西安电子科技大学出版社,2002 |
| 306页:图;26cm |
| ISBN 7-5606-1121-4:CNY24.00 |
| 本书在介绍现代信号分析和压缩编码的基本理论之后,沿着激励和声道两条线逐步深入研究,以标准算法为范例,阐述了语音信号压缩编码的基本原理。 |
| ● |
| 相关链接 |
|
|
|
|
正题名:语音编码
索取号:TN912.3/42
 
预约/预借
| 序号 | 登录号 | 条形码 | 馆藏地/架位号 | 状态 | 备注 |
| 1 | 0360846 | 3608466 | 第二样本阅览室/ [索取号:TN912.3/42] | 在馆 | |
| 2 | 0360847 | 3608475 | 第三借阅区/ [索取号:TN912.3/42] | 在馆 | |
| 3 | 0360848 | 3608484 | 第三借阅区/ [索取号:TN912.3/42] | 在馆 |